| 000 | 00605nam a2200205Ia 4500 | ||
|---|---|---|---|
| 005 | 20220728120050.0 | ||
| 008 | 210716s9999 xx 000 0 und d | ||
| 020 | _a9789351190806 | ||
| 040 | _cAIMIT LIBRARY | ||
| 041 | _aeng | ||
| 082 |
_a005.2764 _21 _bKOGE |
||
| 245 |
_aASP .NET 4.5 : _bcovers c#2012 and VB 2012 codes / |
||
| 250 | _a1st ed. | ||
| 260 |
_bDreamtech Press, _aNew Delhi : _c2013. |
||
| 300 |
_axxxi, 1263p. ; _c23 cm. |
||
| 650 |
_aDeveloping a web application _953790 |
||
| 650 |
_aLINQ queries _953791 |
||
| 650 |
_aWCF services _953792 |
||
| 942 |
_2ddc _cBK _e1st _k005.2764 KOGE |
||
| 999 |
_c194529 _d194529 |
||